[Event "Chigorin Memorial 19th"]
[Site "St Petersburg"]
[Date "2011.10.21"]
[Round "8"]
[White "Bondarenko, Alexandr"]
[Black "Zamyshlyaev, Anatoly"]
[Result "1/2-1/2"]
[WhiteElo "2224"]
[BlackElo "2067"]
[PlyCount "232"]
[EventDate "2011.10.14"]
[EventType "swiss"]
[EventRounds "9"]
[EventCountry "RUS"]
[SourceTitle "CBM 144 Extra"]
[Source "ChessBase"]
[SourceDate "2011.10.28"]
[SourceVersion "1"]
[SourceVersionDate "2011.10.28"]
[SourceQuality "1"]

1. d4 d5 2. c4 e6 3. Nc3 c5 4. Nf3 Nf6 5. e3 a6 6. Be2 dxc4 7. Bxc4 b5 8. Be2 Nbd7 9. 0-0 Bb7 10. b3 Be7 11. Bb2 0-0 12. a3 Rc8 13. Rc1 Qb6 14. dxc5 Nxc5 15. b4 Nce4 16. Nxe4 Bxe4 17. Bd4 Qb7 18. Qb3 Nd5 19. Rfd1 Nb6 20. h3 Nc4 21. Ne1 e5 22. Ba1 Bd5 23. Bxc4 bxc4 24. Qc2 f6 25. Bc3 Rfd8 26. Qb2 Qc6 27. Rd2 Rb8 28. f3 Qb6 29. Nc2 Be6 30. Rcd1 Rxd2 31. Rxd2 a5 32. Kh1 Qc6 33. e4 Qa4 34. Bxe5 fxe5 35. Qxe5 Rb6 36. Qc7 c3 37. Rf2 Bb3 38. Qxe7 Re6 39. Qd8+ Re8 40. Qd3 Rc8 41. b5 Bxc2 42. Rxc2 Qxa3 43. e5 a4 44. Qd5+ Kh8 45. Qd7 Rg8 46. Qc6 Qb4 47. Qxc3 Qxb5 48. Rb2 Qd5 49. Rd2 Qb5 50. e6 Qf1+ 51. Kh2 Qe1 52. Qd4 Qxe6 53. Qxa4 Rf8 54. Qd4 h6 55. Qd6 Qf7 56. Re2 Re8 57. Rxe8+ Qxe8 58. f4 Qf7 59. Qe5 Kh7 60. h4 h5 61. f5 Kh8 62. Qe6 Qf8 63. g3 Qd8 64. Kg2 Qd2+ 65. Kf3 Qd1+ 66. Qe2 Qd5+ 67. Qe4 Qd1+ 68. Kg2 Qd2+ 69. Kh3 Qd1 70. Qe8+ Kh7 71. Qg6+ Kh8 72. Qe8+ Kh7 73. Qe4 Kh8 74. Kg2 Qd2+ 75. Kf1 Qd1+ 76. Kf2 Qd2+ 77. Qe2 Qh6 78. Qe8+ Kh7 79. Kf3 Qc1 80. Qxh5+ Kg8 81. Qe8+ Kh7 82. Qg6+ Kh8 83. Qe8+ Kh7 84. Qe4 Kh8 85. Kg4 Qd1+ 86. Kh3 Qc1 87. Qf3 Qa1 88. g4 Qf6 89. g5 Qe5 90. h5 Qe7 91. f6 Qe6+ 92. Kg2 Qa2+ 93. Kg3 Qe6 94. fxg7+ Kxg7 95. Qb7+ Kg8 96. Qb8+ Kg7 97. Qc7+ Kg8 98. Qd8+ Kg7 99. Qd4+ Kh7 100. Kf4 Qf7+ 101. Kg4 Qe6+ 102. Kf3 Qh3+ 103. Kf2 Qxh5 104. Qe4+ Qg6 105. Qe7+ Qg7 106. Qe4+ Qg6 107. Qf4 Qc2+ 108. Kg3 Qd3+ 109. Kh4 Qg6 110. Qg4 Qf7 111. Qh5+ Qxh5+ 112. Kxh5 Kg7 113. g6 Kg8 114. Kg4 Kg7 115. Kf5 Kg8 116. Kf6 Kf8 1/2-1/2

[Event "Chigorin Memorial 19th"]
[Site "St Petersburg"]
[Date "2011.10.17"]
[Round "4"]
[White "Bondarenko, Alexandr"]
[Black "Chigaeva, Anastasia"]
[Result "0-1"]
[WhiteElo "2224"]
[BlackElo "1963"]
[PlyCount "70"]
[EventDate "2011.10.14"]
[EventType "swiss"]
[EventRounds "9"]
[EventCountry "RUS"]
[SourceTitle "CBM 144 Extra"]
[Source "ChessBase"]
[SourceDate "2011.10.28"]
[SourceVersion "1"]
[SourceVersionDate "2011.10.28"]
[SourceQuality "1"]

1. d4 Nf6 2. c4 g6 3. Nc3 Bg7 4. e4 d6 5. f3 0-0 6. Be3 Nbd7 7. Qd2 e5 8. d5 a6 9. Nge2 Rb8 10. Ng3 Ne8 11. Bg5 f6 12. Bh6 f5 13. Bxg7 Kxg7 14. h4 f4 15. Nge2 Nef6 16. Nc1 Nh5 17. Bd3 Qe7 18. Nb3 Ng3 19. Rh2 c5 20. dxc6 bxc6 21. Ne2 Nxe2 22. Bxe2 Nf6 23. 0-0-0 Rd8 24. Kb1 d5 25. exd5 cxd5 26. c5 Bf5+ 27. Ka1 Qd7 28. Qa5 Bc2 29. Rc1 Bxb3 30. axb3 Qc6 31. b4 Rd7 32. Bxa6 Ra7 33. b5 Rxb5 34. Qa3 Qxa6 35. Kb1 d4 0-1

[Event "Geller Memorial op-B 7th"]
[Site "Odessa"]
[Date "2011.08.28"]
[Round "9"]
[White "Shershun, Sergey"]
[Black "Bondarenko, Alexandr"]
[Result "0-1"]
[WhiteElo "1938"]
[BlackElo "2127"]
[PlyCount "74"]
[EventDate "2011.08.20"]
[EventType "swiss"]
[EventRounds "9"]
[EventCountry "UKR"]
[SourceTitle "EXT 2014"]
[Source "ChessBase"]
[SourceDate "2013.11.20"]
[SourceVersion "1"]
[SourceVersionDate "2013.11.20"]
[SourceQuality "1"]

1. Nf3 d5 2. g3 e6 3. Bg2 f5 4. 0-0 Nf6 5. d3 Be7 6. Nc3 c6 7. e4 0-0 8. Re1 fxe4 9. dxe4 Bb4 10. Bg5 Bxc3 11. bxc3 h6 12. Bxf6 Qxf6 13. e5 Qf7 14. Qd2 Nd7 15. Nh4 Nb6 16. f4 Nc4 17. Qd4 b6 18. Rf1 c5 19. Qd3 Nb2 20. Qf3 Nc4 21. Qd3 Nb2 22. Qe2 Rd8 23. Rae1 a5 24. Rf2 Ba6 25. Qg4 Bc8 26. Qf3 Rb8 27. g4 Bb7 28. f5 d4 29. Qf4 Bxg2 30. Kxg2 d3 31. g5 dxc2 32. gxh6 Nd3 33. h7+ Kxh7 34. Qe4 Nxe1+ 35. Qxe1 Rd1 36. Qe4 exf5 37. Rxf5 Qd5 0-1

[Event "Geller Memorial op-B 7th"]
[Site "Odessa"]
[Date "2011.08.26"]
[Round "7"]
[White "Bronnikova, Karolina"]
[Black "Bondarenko, Alexandr"]
[Result "1/2-1/2"]
[WhiteElo "1768"]
[BlackElo "2127"]
[PlyCount "85"]
[EventDate "2011.08.20"]
[EventType "swiss"]
[EventRounds "9"]
[EventCountry "UKR"]
[SourceTitle "EXT 2014"]
[Source "ChessBase"]
[SourceDate "2013.11.20"]
[SourceVersion "1"]
[SourceVersionDate "2013.11.20"]
[SourceQuality "1"]

1. d4 d5 2. c4 e6 3. Nc3 f5 4. Nf3 Nf6 5. Bf4 c6 6. e3 Be7 7. Bd3 0-0 8. h3 Ne4 9. 0-0 Nd7 10. Rc1 Bf6 11. Qe1 Qe8 12. Ne5 Nxc3 13. Qxc3 g5 14. Bh2 Nxe5 15. Bxe5 Bxe5 16. dxe5 Bd7 17. f4 Rf7 18. Kh2 Rg7 19. Rg1 g4 20. g3 gxh3 21. Be2 h5 22. Kxh3 Qg6 23. Qe1 Kf7 24. Qf2 Rag8 25. c5 Ke7 26. Kh2 Qh6 27. Kh3 Be8 28. Rc3 Rg4 29. Rcc1 Rh8 30. Kg2 Rg7 31. Kf1 Rhg8 32. Qh2 h4 33. Rh1 Rxg3 34. Kf2 Rg2+ 35. Qxg2 Rxg2+ 36. Kxg2 Qg7+ 37. Kf1 Qg3 38. Rc3 h3 39. Rg1 Qh4 40. Bf3 Bh5 41. Rb3 h2 42. Rxb7+ Kf8 43. Rb8+ 1/2-1/2

[Event "Arsenyev Sazykin Memorial"]
[Site "Arsenyev"]
[Date "2008.08.15"]
[Round "4"]
[White "Bondarenko, Alexandr"]
[Black "Ivanova, Mariya"]
[Result "1-0"]
[WhiteElo "2182"]
[BlackElo "1809"]
[PlyCount "35"]
[EventDate "2008.08.15"]
[EventType "tourn"]
[EventRounds "11"]
[EventCountry "RUS"]
[SourceTitle "EXT 2022"]
[Source "ChessBase"]
[SourceDate "2021.10.06"]
[SourceVersion "1"]
[SourceVersionDate "2021.10.06"]
[SourceQuality "1"]

1. e4 e5 2. f4 exf4 3. Nf3 Nf6 4. e5 Nd5 5. Bc4 Nb6 6. Bb3 d6 7. 0-0 Be6 8. Bxe6 fxe6 9. d4 dxe5 10. Nxe5 N8d7 11. Bxf4 Nd5 12. Qh5+ g6 13. Nxg6 N7f6 14. Qh3 Nxf4 15. Rxf4 Rg8 16. Qxe6+ Be7 17. Nxe7 Qxe7 18. Rxf6 1-0

[Event "Arsenyev Sazykin Memorial"]
[Site "Arsenyev"]
[Date "2007.07.21"]
[Round "8"]
[White "Bondarenko, Alexandr"]
[Black "Legenko, Sergey"]
[Result "0-1"]
[WhiteElo "2182"]
[BlackElo "2072"]
[PlyCount "84"]
[EventDate "2007.07.14"]
[EventType "tourn"]
[EventRounds "11"]
[EventCountry "RUS"]
[SourceTitle "EXT 2022"]
[Source "ChessBase"]
[SourceDate "2021.10.06"]
[SourceVersion "1"]
[SourceVersionDate "2021.10.06"]
[SourceQuality "1"]

1. e4 e6 2. d4 c5 3. d5 exd5 4. exd5 d6 5. Nf3 Nf6 6. c4 g6 7. Qe2+ Qe7 8. Qxe7+ Bxe7 9. Bh6 b5 10. Nc3 b4 11. Nb5 Kd7 12. a3 Na6 13. Bd3 Ng4 14. Bc1 Bf6 15. 0-0 bxa3 16. Rxa3 Nb4 17. h3 Ne5 18. Nxe5+ Bxe5 19. f4 Bg7 20. f5 Re8 21. fxg6 fxg6 22. Bg5 Rf8 23. Rxf8 Bxf8 24. Be2 h5 25. Rf3 Ba6 26. Nxa7 Nxd5 27. Nb5 Bxb5 28. cxb5 Be7 29. Bxe7 Kxe7 30. Bd3 Rb8 31. b3 Nc7 32. Bxg6 Nxb5 33. Bxh5 Nd4 34. Re3+ Kf6 35. Bd1 d5 36. g4 c4 37. bxc4 dxc4 38. Re4 Rd8 39. Kf2 c3 40. h4 c2 41. Rf4+ Ke5 42. Rxd4 cxd1Q 0-1

[Event "Arsenyev Sazykin Memorial"]
[Site "Arsenyev"]
[Date "2007.07.19"]
[Round "6"]
[White "Bondarenko, Alexandr"]
[Black "Tanashkin, Alexey"]
[Result "1-0"]
[WhiteElo "2182"]
[BlackElo "2214"]
[PlyCount "83"]
[EventDate "2007.07.14"]
[EventType "tourn"]
[EventRounds "11"]
[EventCountry "RUS"]
[SourceTitle "EXT 2022"]
[Source "ChessBase"]
[SourceDate "2021.10.06"]
[SourceVersion "1"]
[SourceVersionDate "2021.10.06"]
[SourceQuality "1"]

1. e4 c5 2. c4 Nc6 3. d3 g6 4. g3 Bg7 5. Bg2 e6 6. Nc3 d6 7. Nge2 Nge7 8. 0-0 0-0 9. Be3 Nd4 10. Qd2 a6 11. Bh6 Nec6 12. Bxg7 Kxg7 13. f4 f5 14. h3 Rb8 15. Nxd4 Nxd4 16. Rae1 b5 17. b3 Bb7 18. Ne2 Re8 19. Nxd4 cxd4 20. exf5 exf5 21. Rxe8 Qxe8 22. Qf2 Qe3 23. Qxe3 dxe3 24. Re1 Bxg2 25. Kxg2 Kf7 26. Rxe3 b4 27. d4 Rc8 28. d5 a5 29. Re6 Rd8 30. Kf3 Kf8 31. Ke3 Kf7 32. Kd4 h6 33. h4 Rd7 34. h5 gxh5 35. Rxh6 Kg7 36. Rxh5 Kg6 37. Rh8 Ra7 38. Rd8 Ra6 39. c5 dxc5+ 40. Kxc5 Kh5 41. Rg8 Kh6 42. d6 1-0

[Event "Arsenyev Sazykin Memorial"]
[Site "Arsenyev"]
[Date "2007.07.16"]
[Round "3"]
[White "Bondarenko, Alexandr"]
[Black "Beltsev, Mikhail"]
[Result "1-0"]
[WhiteElo "2182"]
[BlackElo "1969"]
[PlyCount "71"]
[EventDate "2007.07.14"]
[EventType "tourn"]
[EventRounds "11"]
[EventCountry "RUS"]
[SourceTitle "EXT 2022"]
[Source "ChessBase"]
[SourceDate "2021.10.06"]
[SourceVersion "1"]
[SourceVersionDate "2021.10.06"]
[SourceQuality "1"]

1. e4 d6 2. g3 Nc6 3. Bg2 g6 4. Ne2 Bg7 5. 0-0 e5 6. d3 Be6 7. h3 Qd7 8. Kh2 h5 9. f3 f5 10. c4 Nf6 11. Nbc3 0-0-0 12. Nd5 Ng4+ 13. Kg1 Nh6 14. h4 Rdg8 15. Rb1 f4 16. gxf4 Qd8 17. fxe5 Qxh4 18. exd6 Be5 19. Bf4 cxd6 20. Qe1 Qd8 21. Bxe5 dxe5 22. d4 g5 23. dxe5 Nxe5 24. Qb4 Bxd5 25. cxd5 Kb8 26. Nd4 g4 27. f4 Nf3+ 28. Rxf3 gxf3 29. Nc6+ Ka8 30. Nxd8 Rxg2+ 31. Kh1 Rxd8 32. Rf1 Rg3 33. Qe7 Rh3+ 34. Kg1 Rg8+ 35. Kf2 Ng4+ 36. Ke1 1-0